[Event "AUTO-ELITE-2507"]
[Site "http://www.queenalice.com/game.php?id=1837049"]
[Date "2024.5.18"]
[Round "3"]
[White "Cerberus"]
[Black "Sexxy_Bunny"]
[Result "1/2-1/2"]
[WhiteElo "2722"]
[BlackElo "2701"]

1. d4 Nf6 2. c4 e6 3. Nf3 d5 4. g3 Be7 5. Bg2 O-O 6. O-O dxc4 7. Nc3 Nc6 8. e4
Rb8 9. a4 a6 10. Be3 b5 11. axb5 axb5 12. d5 b4 13. dxc6 bxc3 14. bxc3 Qxd1 15.
Rfxd1 Nxe4 16. Bd4 f6 17. Re1 Nd6 18. Bc5 e5 19. Nd2 Be6 20. Ne4 Rb5 21. f4 Rfb8
22. fxe5 fxe5 23. Bxd6 cxd6 24. Rf1 h6 25. Ra7 Bf8 26. c7 Rc8 27. Ra6 Rxc7 28.
Nxd6 Bxd6 29. Rxd6 Bf7 30. Be4 Kf8 31. Re6 Ra7 32. h4 Rb3 33. Bd5 Rxc3 34. Kg2
Rd7 35. Rxe5 g6 36. h5 Kg7 37. Rxf7+ Rxf7 38. Bxf7 Kxf7 39. Ra5 gxh5 40. Rxh5
Rc2+ 41. Kf3 Kg6 42. Kg4 Rc1 43. Rc5 Kf6 44. Kf3 c3 45. Ke2 c2 46. Kd2 Rg1 47.
Kxc2 Rxg3 48. Kd2 Kg6 49. Ke2 h5 50. Kf2 h4 51. Ra5 Kh6 52. Rc5 Kg6 53. Ra5 Kh6
1/2-1/2

[Event "AUTO-ELITE-2507"]
[Site "http://www.queenalice.com/game.php?id=1837050"]
[Date "2024.5.18"]
[Round "3"]
[White "Sexxy_Bunny"]
[Black "Cerberus"]
[Result "1/2-1/2"]
[WhiteElo "2703"]
[BlackElo "2730"]

1. e4 c6 2. d4 d5 3. e5 c5 4. dxc5 e6 5. a3 Bxc5 6. Nf3 f6 7. b4 Be7 8. Bb2 a5
9. b5 Nd7 10. Bd3 Nh6 11. Nbd2 Nf7 12. exf6 Bxf6 13. Bxf6 Qxf6 14. c4 Nc5 15.
Bc2 b6 16. cxd5 exd5 17. O-O a4 18. Re1+ Be6 19. Nf1 O-O 20. Qd4 Nd6 21. Qxf6
Rxf6 22. Nd4 Bf7 23. Ne3 Re8 24. f3 h5 25. h4 Rf4 26. Rad1 g6 27. g3 Rf6 28. Kh2
Kf8 29. Kg2 Re7 30. Nc6 Re8 31. Nd4 Re7 32. Nc6 Re8 33. Nd4 Re7 1/2-1/2

[Event "AUTO-ELITE-2533"]
[Site "http://www.queenalice.com/game.php?id=1840476"]
[Date "2024.7.18"]
[Round "2"]
[White "trompmaster"]
[Black "Cerberus"]
[Result "0-1"]
[WhiteElo "2458"]
[BlackElo "2713"]

1. d4 Nf6 2. c4 g6 3. h4 Bg7 4. Nc3 d6 5. e4 Nc6 6. d5 Ne5 7. Be2 h5 8. Nf3 Nfg4
9. Ng5 c6 10. f3 Nh6 11. Qb3 Qb6 12. Na4 Qc7 13. Bf4 Rb8 14. Nc3 O-O 15. Be3 b5
16. cxb5 cxb5 17. O-O Bd7 18. Rfc1 Qb7 19. a3 Rfc8 20. Qd1 a5 21. Bd4 a4 22.
Rab1 b4 23. axb4 Qxb4 24. Rc2 Nf5 25. Bf2 Nxf3+ 26. Nxf3 Rxc3 27. Rxc3 Bxc3 28.
Bd3 Bxb2 29. exf5 a3 30. fxg6 a2 31. gxf7+ Kxf7 32. Ng5+ Ke8 33. Bg6+ Kd8 34.
Nf7+ Kc7 35. Qc2+ Qc3 36. Rc1 Kb7 37. Qxc3 Bxc3 38. Kh2 Be8 39. Be3 Ka8 40. Rxc3
a1=Q 41. Rc7 Bxf7 0-1

[Event "AUTO-ELITE-2533"]
[Site "http://www.queenalice.com/game.php?id=1840477"]
[Date "2024.7.18"]
[Round "2"]
[White "Cerberus"]
[Black "trompmaster"]
[Result "1-0"]
[WhiteElo "2716"]
[BlackElo "2437"]

1. e4 d6 2. d4 Nf6 3. Nc3 e5 4. Nf3 Nbd7 5. Bc4 h6 6. O-O Be7 7. Re1 c6 8. a4
Qc7 9. a5 g5 10. d5 b5 11. axb6 Nxb6 12. Bf1 cxd5 13. Nxd5 Nbxd5 14. exd5 O-O
15. c4 Bf5 16. b4 a5 17. b5 Bg6 18. h3 Rfc8 19. Ba3 Bf8 20. c5 e4 21. Ne5 dxe5
22. d6 Qa7 23. c6 Rd8 24. Rc1 Bxd6 25. Bxd6 Ne8 26. Qb3 Nxd6 27. c7 Rdc8 28. b6
Qb7 29. Red1 Ne8 30. Rd7 Kh7 31. Rxf7+ Bxf7 32. Qxf7+ Ng7 33. Qf6 Rf8 34. Qd6
Rae8 35. Rc6 Re6 36. Qxf8 Rxc6 37. Qb8 Qxb6 38. Qxb6 Rxb6 39. c8=Q Rb1 40. Qa8
Re1 41. Qxa5 Rc1 42. Qxe5 Re1 43. g4 e3 44. fxe3 Kg6 45. Qc3 Rxf1+ 46. Kxf1 1-0

[Event "AUTO-ELITE-2533"]
[Site "http://www.queenalice.com/game.php?id=1840480"]
[Date "2024.7.18"]
[Round "2"]
[White "Cerberus"]
[Black "RaulSoft2"]
[Result "1/2-1/2"]
[WhiteElo "2731"]
[BlackElo "2573"]

1. e4 e5 2. Nf3 Nc6 3. Bc4 Nf6 4. d3 Bc5 5. c3 a6 6. O-O d6 7. a4 h6 8. Nbd2 O-O
9. Re1 a5 10. Nf1 Be6 11. Bb5 Na7 12. d4 Nxb5 13. axb5 exd4 14. Nxd4 Re8 15. h3
Bd7 16. Ng3 Re5 17. Nf3 Re7 18. c4 c6 19. Be3 cxb5 20. cxb5 Nxe4 21. Bxc5 Nxc5
22. Qxd6 Rxe1+ 23. Rxe1 Rc8 24. Nh5 Bxb5 25. Qg3 g6 26. Re5 Rc6 27. Qg4 Qd1+ 28.
Kh2 Qd6 29. Qd4 gxh5 30. Qxd6 Rxd6 31. Rxc5 Rb6 32. b3 a4 33. bxa4 Bxa4 34. Rxh5
Rf6 35. Nd4 Rf4 36. Nf5 Rxf2 37. Nxh6+ Kg7 38. Ng4 Re2 39. Rg5+ Kf8 40. h4 Bc6
41. Nh6 b5 42. Rg8+ Ke7 43. Nf5+ Kf6 44. Nd4 Re8 45. Rg5 Bd7 46. Rd5 Ke7 47.
Nxb5 Bxb5 48. Rxb5 Kf8 49. Kg3 Ra8 50. Kf4 Kg7 51. Kg5 Ra3 52. Kh5 Ra6 53. Rg5+
Kh7 54. Rd5 Rh6+ 55. Kg4 Ra6 56. Kf5 Kg7 57. g4 Rf6+ 58. Ke4 Rf1 59. Rg5+ Kh6
60. Rg8 Kh7 61. Rb8 Kg7 62. Rb6 Rg1 63. Kf5 Rf1+ 64. Kg5 Ra1 65. Kh5 Ra5+ 66. g5
Ra4 67. Rb7 Rd4 68. Re7 Rb4 69. Rc7 Rb6 70. Rc4 Rb1 71. Rd4 Rg1 72. Rb4 Rg3 73.
Rd4 Rg2 74. Re4 Ra2 75. Kg4 Ra1 76. h5 Rg1+ 77. Kf5 Rf1+ 78. Rf4 Ra1 79. Rf3
Ra5+ 80. Kg4 Ra4+ 81. Rf4 Ra6 82. Rc4 Ra1 83. Rf4 Rg1+ 84. Kf5 Rb1 85. Rf3 Rb5+
86. Kg4 Rb4+ 87. Rf4 Rb1 88. h6+ Kg8 89. Rc4 Rg1+ 90. Kf4 Rf1+ 91. Kg4 Rg1+ 92.
Kf5 Rf1+ 93. Rf4 Rb1 94. Rf3 Ra1 95. Rf2 Rb1 1/2-1/2